000 02012nam0a2200421 4500
001 RU\NLR\bibl\170358
005 20260409065747.0
021 _aRU
_b2001-9517
_9457
035 _a(NLR Aleph) 000167146
090 _a962463
_c962463
100 _a20010521d2000 |||y0rusy50 ca
101 0 _arus
102 _aRU
105 _aa |||||||||
200 1 _aНаучно-технические проблемы систем теплогазоснабжения, вентиляции, водоснабжения и водоотведения
_eМежвуз. сб. науч. тр.
_fМ-во образования Рос. Федерации, Воронеж. гос. архитектур.-строит. акад.
_g[Редкол.: Мелькумов В. Н. (отв. ред.) и др.]
210 _aВоронеж
_cВГАСА
_d2000
215 _a210 с.
_cил.
_d21
320 _aБиблиогр. в конце ст.
606 _aВодоснабжение
_jСборники
_3RU\NLR\auth\6667175
_91010922
606 0 _aВентиляция
_jСборники
_9942138
_3RU\NLR\auth\6630120
606 0 _aГазоснабжение
_jСборники
_91379287
_3RU\NLR\auth\66265015
606 0 _aКанализация
_jСборники
_91295096
_3RU\NLR\auth\66218207
610 0 _aЗдания и постройки - микроклимат
610 0 _aТеплоснабжение
610 0 _aВодоснабжение
610 0 _aОхрана окружающей среды
675 _a[696/697+628.1/.2](082)
_v3
_zrus
686 _a67.53
_2rugasnti
686 _a38.76
_2rubbk
686 _aН76я43
702 1 _aМелькумов
_gВиктор Нарбенович
_4340
712 0 2 _4570
_aВоронежская архитектурно-строительная академия
_3RU\NLR\AUTH\883866
_9279073
801 0 _aRU
_bRKP
_c20010521
_gPSBO
801 1 _aRU
_bRKP
_c20010521
801 2 _aRU
_bNLR
_c20010823
_grcr
942 _cBOOK
980 _aNB